Italian cooking
| Main Author: | |
|---|---|
| Format: | Book |
| Published: |
Leicester :
Magna Books ,
1993
|
| Subjects: |
MARC
| LEADER | 00000cam a2200000 7i4500 | ||
|---|---|---|---|
| 001 | 0000005367 | ||
| 002 | 000005798 | ||
| 005 | 20000330.0 | ||
| 020 | |a 1854224816 | ||
| 090 | 0 | 0 | |a 641.5 |b BEL |
| 100 | 1 | |a Bellefontaine, Jacqueline | |
| 245 | 1 | 0 | |a Italian cooking |c Jacqueline Bellefontaine |
| 260 | |a Leicester : |b Magna Books , |c 1993 | ||
| 300 | |a 70p. ; |c 28cm. | ||
| 650 | 0 | 0 | |a Cookery, Italian |
| 999 | |a 032713 |b BUKU |c PINJAMAN |e PERPUSTAKAAN KOMUNITI PETALING JAYA | ||